| 000 | 01291nam a22002297a 4500 | ||
|---|---|---|---|
| 999 |
_c59764 _d59764 |
||
| 003 | Ge_BSU | ||
| 005 | 20230411142728.0 | ||
| 008 | 230411s1992 ge ||||| |||| 00| 0 geo d | ||
| 020 | _a5520014280 | ||
| 041 | _ageo | ||
| 080 | _a821.353.1(092რუსთაველი) + 330.8(479.22) ჩ-21 | ||
| 100 |
_aჩანტლაძე, ვასილ _94363 |
||
| 245 |
_aშოთა რუსთაველის ეკონომიკური შეხედულებები / _cვასილ ჩანტლაძე; საქ. მეცნ. აკად., პ. გუგუშვილის სახ. ეკონომიკის ინ-ტი. |
||
| 264 |
_aთბილისი : _bმეცნიერება, _c1992. |
||
| 300 |
_a304გვ. ; _b20 სმ. |
||
| 504 | _aბიბლიოგრ. ტექსტის შენიშვნ. | ||
| 520 | _aრეზიუმე ინგლ. და რუს ენაზე. | ||
| 653 | _aრუსთაველი, შოთა | ||
| 653 | _aეკონომიკური შეხედულებები. | ||
| 710 |
_aსაქ. მეცნ. აკადემია _bპ. გუგუშვილის სახ. ეკონომიკის ინ-ტი. _917619 |
||
| 942 |
_2udc _cBK |
||